Tài liệu giảng dạy đọc âm nhạc Lớp 9 - 10 - 11 :Dành cho Trung học 9 và 11 năm Nhạc viện Tp. HCM
Tài liệu lưu hành nội bộ
Sparad:
| Huvudupphovsman: | |
|---|---|
| Övriga upphovsmän: | |
| Materialtyp: | Bok |
| Språk: | Undetermined |
| Publicerad: |
TP. HCM
[không xác định]
1998
|
| Ämnen: | |
| Länkar: | http://lrc.tdmu.edu.vn/opac/search/detail.asp?aID=2&ID=41639 |
| Taggar: |
Lägg till en tagg
Inga taggar, Lägg till första taggen!
|
| Thư viện lưu trữ: | Trung tâm Học liệu Trường Đại học Thủ Dầu Một |
|---|
| LEADER | 00847nam a2200229Ia 4500 | ||
|---|---|---|---|
| 001 | TDMU_41639 | ||
| 008 | 210410s9999 xx 000 0 und d | ||
| 082 | |a 786.2 | ||
| 090 | |b NG527 | ||
| 100 | |a Nguyễn, Minh Khôi | ||
| 245 | 0 | |a Tài liệu giảng dạy đọc âm nhạc | |
| 245 | 0 | |b Lớp 9 - 10 - 11 :Dành cho Trung học 9 và 11 năm Nhạc viện Tp. HCM | |
| 245 | 0 | |c Nguyễn Minh Khôi | |
| 260 | |a TP. HCM | ||
| 260 | |b [không xác định] | ||
| 260 | |c 1998 | ||
| 300 | |a 95tr. | ||
| 520 | |a Tài liệu lưu hành nội bộ | ||
| 650 | |a Đọc âm nhạc |v Giáo trình; Âm nhạc |x Đọc | ||
| 700 | |a Nhạc viện thành phố HCM | ||
| 856 | |u http://lrc.tdmu.edu.vn/opac/search/detail.asp?aID=2&ID=41639 | ||
| 980 | |a Trung tâm Học liệu Trường Đại học Thủ Dầu Một | ||